000 02007nam0a2200385 4500
001 RU\NLR\BIBL_A\011351942
005 20240921233255.0
010 _a9785961304244
_9300
021 _aRU
_b2017-12227
_9900
035 _a(RuMoRGB)008803032
035 _a(NLR Aleph) 011351942
090 _a11249884
_c11249884
100 _a20170322d2016 k y0rusy50 ca
101 0 _arus
102 _aRU
105 _aab||zzzz001zy
200 1 _aОренбургские башкиры
_eисторико-этнографическое исследование
_fЮ. А. Абсалямова
_gРоссийская академия наук, Уфимский научный центр, Институт истории, языка и литературы
210 _aУфа
_cМир печати
_d2016
215 _a166, [1] с., [8] л. цв. ил., карт.
_d24
320 _aБиблиогр.: с. 131-145 (217 назв.)
320 _aИмен. указ.: с. 154-156
320 _aГеогр. указ.: с. 157-164
606 1 _aБашкиры
_yОренбургская область
_92505613
_3RU\NLR\AUTH\661485767
606 _aИстория. Исторические науки -- Этнография -- Россия -- Народы Поволжья -- Башкиры
_2rubbk
606 _aИстория. Исторические науки -- Российская Федерация -- Оренбургская область -- Культура. Идеология. Быт
_2rubbk
607 _aОренбургская область (Российская Федерация), Гайский, Кувандыкский, Саракташский районы
_2rugeo
686 _aТ3(2Р-4Ор)0-7,02
_2rubbk
686 _aТ52(235=Б),02
_2rubbk
686 1 _aТ52(235=Б)
686 1 _aТ3(2Р-4Ор9=А/Я)0,02
700 1 _aАбсалямова
_bЮ. А.
_gЮлия Аликовна
942 _cBOOK
980 _aNBR